000 01563cam a22002294a 4500
005 20250605163924.0
008 250528s ||||||||||||||||||||||||d
035 _a14501
020 _a44450028
040 _aGR-AtMCL
_bgre
_dGR-AtMCL
_eAACR2
245 1 _aIndustrial and Organizational Psychology / 8th Edition
250 _a8th
260 _c1987
300 _a468
520 _aA comprehensive overview of current theory and practice in industrial and organizational psychology. Preface, Introduction, Bases for Job-Related Behavior, Behavioral Research, Job-Related Behavior and Its Measurement, Job Analysis, Behavioral Measurement: General Considerations, Personnel Rating, Personnel Selection, Staffing Organizations: Selection and Placement, General Practices in Personnel Selection, Human Abilities and Their Measurement, Personality and Interest, Non test Methods of Personnel Selection, Personnel Training and Development, Personnel Training, Careers, The Organizational and Social Context of Human Work, Work Motivation, Job Satisfaction and Attitudes and Opinions, Group Processes and Leadership, The Job and Work Environment, Human Factors in Job Design, Job Enrichment, Job Evaluation, Working Conditions, Accidents and Safety, Appendices, Elementary Descriptive Statistics, Taylor-Russel Tables, Lawshe Expectancy Tables, Representative Personnel Tests, About the Authors, Index.
700 1 _aIlgen Daniel
_9197
700 1 _aMccormick Ernest J
_9198
700 1 _aUnwin Hyman
_9199
942 _cBK
999 _c130
_d130